000
00323nam a2200133Ia 4500
005
20260328101457.0
008
260328s9999||||xx |||||||||||||| ||und||
100
_a
Peterson, Joyce
245
4
_a
The New York I Love /
_c
Joyce Peterson
260
_b
Tudor
300
_a
125 p.
650
_a
ARQUITECTURA REGIONAL
942
_c
BK
999
_c
8855
_d
8855